| 000 | 00352nam a2200145Ia 4500 | ||
|---|---|---|---|
| 008 | 230312s9999||||xx |||||||||||||| ||und|| | ||
| 020 | _a84-92731-74-9 | ||
| 082 |
_a701.85 _bSCH-C |
||
| 100 | _aSchleifer;Simone | ||
| 245 | 0 | _aColor inspirations | |
| 260 |
_bloft _achina _c2010 |
||
| 300 | _a595 | ||
| 650 |
_aArchitecture _vArchitecture |
||
| 942 | _cBK | ||
| 999 |
_c12736 _d12736 |
||